000
00230nam a22000857a 4500
999
_c
11563
_d
11563
008
190618b ||||| |||| 00| 0 eng d
100
_a
Kaul M.N etal
_9
7270
245
_a
Practice and procedure
260
_a
New delhi
_b
Loksahha
_c
2016